Οι περιπέτειες ενός σκύλου που τον έλεγαν Ζορμπά
Αποθηκεύτηκε σε:
| Κύριος συγγραφέας: | |
|---|---|
| Μορφή: | Βιβλίο |
| Γλώσσα: | Greek |
| Δημοσίευση: |
Λεμεσός :
Νέο Κύμα,
2011.
|
| Σειρά: | Παιδική-Νεανική Λογοτεχνία
|
| Θέματα: | |
| Ετικέτες: |
Προσθήκη ετικέτας
Δεν υπάρχουν, Καταχωρήστε ετικέτα πρώτοι!
|
MARC
| LEADER | 00000nam a2200000 a 4500 | ||
|---|---|---|---|
| 001 | 1/126805 | ||
| 008 | 230607s2011####cy | ||| |||| ||gre|| | ||
| 020 | |a 9789963992218 | ||
| 040 | |a GR-MyUa |b gre |c GR-MyUa |e AACR2 | ||
| 041 | 0 | |a gre | |
| 082 | 7 | |a 808.899 |2 (23) | |
| 100 | 1 | |a Ολυμπίου, Μαρία. | |
| 245 | 1 | 3 | |a Οι περιπέτειες ενός σκύλου που τον έλεγαν Ζορμπά / |c Μαρία Ολυμπίου ; σχεδιασμός-επιμέλεια: Παναγιώτης Παναγιώτου. |
| 260 | |a Λεμεσός : |b Νέο Κύμα, |c 2011. | ||
| 300 | |a 109 σ. : |b εικ. ; |c 22 εκ. | ||
| 490 | 1 | |a (Παιδική-Νεανική Λογοτεχνία) | |
| 650 | 0 | |a Children's literature. | |
| 650 | 0 | |a Picture books for children. | |
| 650 | 0 | |a Illustrated children's books. | |
| 830 | 0 | |a Παιδική-Νεανική Λογοτεχνία | |
| 970 | |a Σιδερή |b Νεκταρία |z 2023-06-07 | ||